| 000 | 00521cam a22002051 4500 | ||
|---|---|---|---|
| 001 | sa 68016725 | ||
| 003 | DLC | ||
| 005 | 20260227112657.0 | ||
| 008 | 720324s1964 xx 000 0 ind | ||
| 010 | _asa 68016725 | ||
| 035 | _a(OCoLC)270715 | ||
| 040 |
_aDLC _cOAU _dDLC |
||
| 042 | _apremarc | ||
| 050 | 0 | 0 |
_aHE887 _b.A529 |
| 110 | 1 |
_aIndonesia. _bDepartemen Perhubungan Laut. |
|
| 245 | 1 | 0 | _aElan samudra adhi guna |
| 260 |
_a[Djakarta, _c1964?-66?] |
||
| 300 |
_a2 v. _c34 cm. |
||
| 650 | 0 |
_aShipping _zIndonesia. |
|
| 999 |
_c87271 _d87271 |
||